000 00392nam a2200133Ia 4500
008 211109s9999||||xx |||||||||||||| ||und||
082 _a894.813
_bRAM-O
100 _aRamavarma [v],
245 0 _aOru Joodas Janikkinnu
260 _bCurrent Books
_aTrichur
_c1963
630 _xGeneral Stack
650 _aMalayalam Litearture
_vMalayalam FictionHistoryJews in India
_xGeneralia
942 _cBOOK
999 _c23949
_d23949